| 000 | 00861 a2200229 4500 | ||
|---|---|---|---|
| 005 | 20260323134337.0 | ||
| 008 | 260323b |||||||| |||| 00| 0 eng d | ||
| 020 | _a9789388359092 (pbk) | ||
| 037 | _cTB | ||
| 040 |
_aCRL _cCRL |
||
| 041 |
_2hin _ahin |
||
| 084 |
_aQ2 152Q9 _qCRL |
||
| 100 |
_aहरि, वियोगी _9862644 |
||
| 245 | _aहिन्दू धर्म | ||
| 260 |
_aनई दिल्ली, भारत: _bसस्ता साहित्य मण्डल प्रकाशन, _c2019. |
||
| 300 | _a46पृ. | ||
| 365 |
_b50.00 _cINR |
||
| 650 | _aधर्म | ||
| 650 |
_aहिन्दू _9861433 |
||
| 942 |
_cTB _2CC _hQ2 152Q9 |
||
| 999 |
_c1467139 _d1467139 |
||